000 00785nam a2200241u 4500
001 22945
003 BD-RjUL
005 20211209000856.0
008 140309s1974 bd 000 0 eng
035 _a(BD-RjUL)23010
040 _aDLC
_cCarP
_dDLC
_beng
041 _aeng
082 _a891.44
_bMAE 1974
100 1 _aMannan, Qazi Abdul.
_q Qazi Abdul Mannan.
_966402
245 1 4 _aThe emergence and development of Dobhāsī literature in Bengal, up to 1855 A. D. /
_c Qazi Abdul Mannan.
250 _a2ed.
260 _aDacca,
_bDept. of Bengali and Sanskrit, University of Dacca
_c1974
300 _avii ,235 p.
_c23 cm.
650 0 _aBengali literature
_xHistory and criticism. [from old catalog]
_966403
942 _2ddc
_cBK
999 _c22945
_d22945